Hebrew Words You Probably Know Quiz Stats

 Plays Quiz Updated May 23, 2018

Score 0/21 Timer 05:00
0 Plays Today
% Correct
Rabbi
94.6%
Cider
93.3%
Bar mitzvah
92.1%
Menorah
90.9%
Cherub
90.2%
Mazeltov
88.9%
Tush
88.5%
Behemoth
87.9%
Kosher
85.6%
Amen
81.4%
Brouhaha
77.9%
% Correct
Jubilee
77.2%
Manna
75.5%
Matzo
75.4%
Schmooze
73.9%
Kibbutz
71.8%
Challah
69.6%
Meshuga
63.7%
Baal
57.5%
Cabal
52.6%
Shibboleth
49.1%

You're not logged in!

Compare scores with friends on all Sporcle quizzes.
OR
Log In

Sporcle TV

Today on Sporcle TV


Watch our educational content, quiz creation guides, and fun videos on Sporcle TV.

Show Comments

Extras

Top Quizzes Today


Score Distribution

Your Account Isn't Verified!

In order to create a playlist on Sporcle, you need to verify the email address you used during registration. Go to your Sporcle Settings to finish the process.

Report this User

Report this user for behavior that violates our Community Guidelines.

Details: